LEADER 02098nam 2200421Ia 450 001 996395384603316 005 20210104171447.0 035 $a(CKB)3810000000017664 035 $a(EEBO)2240923269 035 $a(OCoLC)ocn751970552e 035 $a(OCoLC)751970552 035 $a(EXLCZ)993810000000017664 100 $a20110912d1590 uy 0 101 0 $aeng 135 $aurbn||||a|bb| 200 10$aOrders conceiued and set dovvne by the Lords of her Maiesties Priuie Councell, and Highnesse speciall direction$b[electronic resource] $eto be put in execution for the restraint of killing and eating flesh, aswell by the Lord maior within the citie of London, and the officers of the liberties and exempt places in and about the same, as by the Lords lieutenants in the seuerall counties of the realme. In the xxxij. yeere of the Queenes Maiesties reigne. 210 $aImprinted at London $cby the Deputies of christopher Barker, Printer to the Queenes most excellent Maiestie.$d[Febr. 22 anno. 1589] i.e. 1590 215 $a1 sheet ([1] p.) 300 $aInitial. 300 $aLine 11 of text ends: 'trueth.' Cf. STC (2nd ed.). 300 $aImperfect: cropped at bottom with slight loss of text. 300 $aReproduction of original in: Queen's College (University of Oxford). Library. 330 $aeebo-0119 606 $aMeat industry and trade$xLaw and legislation$zEngland$vEarly works to 1800 606 $aButchers$zEngland$vEarly works to 1800 607 $aGreat Britain$xHistory$yElizabeth, 1558-1603$vSources$vEarly works to 1800 608 $aBroadsides$zEngland$y16th century.$2rbgenr 608 $aProclamations$zEngland$y16th century.$2rbgenr 615 0$aMeat industry and trade$xLaw and legislation 615 0$aButchers 701 $aElizabeth$cQueen of England,$f1533-1603.$0996842 801 0$bUMI 801 1$bUMI 801 2$bUMI 906 $aBOOK 912 $a996395384603316 996 $aOrders conceiued and set dovvne by the Lords of her Maiesties Priuie Councell, and Highnesse speciall direction$92364826 997 $aUNISA